Analýza zmien v počte aktívnych podnikov v jednotlivých krajoch Slovenska v rokoch 2014 – 2019

Tento príspevok sa zaoberá analýzou počtu aktívnych podnikov. Cieľom je analyzovať trend a štruktúru počtu aktívnych podnikov v jednotlivých regiónoch Slovenska v rokoch 2014 – 2019. Analyzovaný je celkový vývoj ukazovateľa a štruktúra podľa krajov. Na analýzu trendu sa používajú vybrané charakteris...

Descrizione completa

Salvato in:
Dettagli Bibliografici
Autore principale: Hurbánková, Ľubica, 1980-
Natura: Capitolo di libro
Lingua:slovacco
Soggetti:
Tags: Aggiungi Tag
Nessun Tag, puoi essere il primo ad aggiungerne!!

MARC

LEADER 00000naa$a2200000$$$4500
001 0288850
005 20240502074426.4
041 0 |a slo 
044 |a SK 
245 1 0 |a Analýza zmien v počte aktívnych podnikov v jednotlivých krajoch Slovenska v rokoch 2014 – 2019  |c Ľubica Hurbánková 
520 |a Tento príspevok sa zaoberá analýzou počtu aktívnych podnikov. Cieľom je analyzovať trend a štruktúru počtu aktívnych podnikov v jednotlivých regiónoch Slovenska v rokoch 2014 – 2019. Analyzovaný je celkový vývoj ukazovateľa a štruktúra podľa krajov. Na analýzu trendu sa používajú vybrané charakteristiky časových radov. Príspevkovou metódou sa zisťuje, ktorý región sa najviac podieľal na celkovom náraste počtu aktívnych podnikov. Zmeny v štruktúre sledujeme pomocou miery podobnosti štruktúr – Szalaiho index, na základe ktorého zisťujeme, či sa zmenila štruktúra počtu aktívnych podnikov v jednotlivých regiónoch Slovenska. 
610 2 0 |a regióny 
610 2 0 |a podnik 
610 2 0 |a demografia 
610 2 0 |a analýza štruktúrna 
100 1 |a Hurbánková, Ľubica, 1980-